| 000 | 00669nam a2200217Ia 4500 | ||
|---|---|---|---|
| 008 | 191130s2009##################000#0#eng## | ||
| 020 | _a9780071635585 | ||
| 022 | _a2009011290 | ||
| 040 |
_aACL _cACL |
||
| 082 | _a333.3383 IRW | ||
| 100 | _aIrwin, Robert | ||
| 245 |
_aHow to use a short sale to stop home foreclosure and protect your finances _cRobert Irwin |
||
| 260 |
_aNew York _bMcGraw-Hill _cc2009 |
||
| 300 | _axii, 194 p. ; 23 cm | ||
| 650 | _aForeclosure - United States | ||
| 650 | _aHouse selling - United States | ||
| 650 | _aMortgage loans - United States | ||
| 990 | _a904f0a55ac10000c6806c7129c950220 | ||
| 991 | _a203329 | ||
| 999 |
_c208517 _d208517 |
||